000 00923nam a22002417a 4500
003 0
005 20250626114112.0
008 231018b xxu||||| |||| 00| 0 eng d
050 _aPHS TA 418.9.C6
_b.C36 2023
100 _aCamello, Gabriel Tristan
245 _aAn analysis on the concentration of musa acuminata peel as an additive to particle board durability
_c Gabriel Tristan Camello
260 _aLas Pinas City
_bSouthville International School and Colleges
_c2023
300 _a34 pages ;
_c30 cm.
504 _aIncludes bibliographical references.
650 _aParticleboard
_2Additives.
650 _aComposite materials
_2Durability.
650 _aBanana peels
_2Industrial applications.
650 _aBiodegradable materials
_2Applications.
650 _aMusa acuminata
_2Industrial uses.
650 _aPlant-based additives.
650 _aSustainable materials in construction.
942 _2lcc
_cPASS
999 _c365532
_d365532